| 000 -LEADER |
| fixed length control field |
01024nam a2200265 a 4500 |
| 001 - CONTROL NUMBER |
| control field |
012399983 |
| 003 - CONTROL NUMBER IDENTIFIER |
| control field |
UkOxU |
| 005 - DATE AND TIME OF LATEST TRANSACTION |
| control field |
20221228085751.0 |
| 008 - FIXED-LENGTH DATA ELEMENTS--GENERAL INFORMATION |
| fixed length control field |
930601r19941954nyuab j 000 1 eng |
| 020 ## - INTERNATIONAL STANDARD BOOK NUMBER |
| International Standard Book Number |
9780064405010 |
| 040 ## - CATALOGING SOURCE |
| Transcribing agency |
. |
| Modifying agency |
KH8 |
| 082 ## - DEWEY DECIMAL CLASSIFICATION NUMBER |
| Classification number |
FIC LEW |
| 100 1# - MAIN ENTRY--PERSONAL NAME |
| Personal name |
Lewis, C. S. |
| Fuller form of name |
(Clive Staples), |
| Dates associated with a name |
1898-1963. |
| Relator term |
Author |
| 245 14 - TITLE STATEMENT |
| Title |
The Horse and His Boy / |
| Statement of responsibility, etc. |
C.S. Lewis ; illustrated by Pauline Baynes. |
| 250 ## - EDITION STATEMENT |
| Edition statement |
1st Harper Trophy ed. |
| 260 ## - PUBLICATION, DISTRIBUTION, ETC. |
| Place of publication, distribution, etc. |
New York : |
| Name of publisher, distributor, etc. |
HarperTrophy, |
| Date of publication, distribution, etc. |
1994. |
| 300 ## - PHYSICAL DESCRIPTION |
| Extent |
224 p. : |
| Other physical details |
ill., map ; |
| Dimensions |
20 cm. |
| 490 1# - SERIES STATEMENT |
| Series statement |
The Chronicles of Narnia ; |
| Volume/sequential designation |
bk. 3 |
| 500 ## - GENERAL NOTE |
| General note |
Originally published: London : G. Bles, 1954. |
| 500 ## - GENERAL NOTE |
| General note |
Also issued as part of 7 vol. set in slip-case. |
| 520 ## - SUMMARY, ETC. |
| Summary, etc. |
A boy and a talking horse share an adventurous and dangerous journey to Narnia to warn of invading barbarians. |
| 700 1# - ADDED ENTRY--PERSONAL NAME |
| Personal name |
Baynes, Pauline. |
| Relator term |
Illustrator |
| 800 1# - SERIES ADDED ENTRY--PERSONAL NAME |
| Personal name |
Lewis, C. S. |
| Fuller form of name |
(Clive Staples), |
| Dates associated with a name |
1898-1963. |
| Title of a work |
Chronicles of Narnia (HarperTrophy (Firm)) ; |
| Volume/sequential designation |
bk. 3. |
| 942 ## - ADDED ENTRY ELEMENTS (KOHA) |
| Source of classification or shelving scheme |
|
| Koha item type |
Books - Fiction |